Countries With Only Two E's - Statistics

General Stats
  • This quiz has been taken 184 times
    140 since last reset
  • The average score is 7 of 16
Answer Stats
Continent Country % Correct
Europe Sweden
68%
Oceania New Zealand
66%
North America United States
63%
North America Belize
48%
Europe Netherlands
48%
Africa Senegal
48%
Africa Eritrea
46%
Oceania Papua New Guinea
45%
Asia Yemen
44%
Africa Equatorial Guinea
43%
Europe Czech Republic
41%
Europe Bosnia and Herzegovina
37%
Africa Republic of the Congo
37%
Europe Montenegro
33%
Africa Central African Republic
29%
Africa Sao Tome and Principe
22%
No matching quizzes found
Score Distribution
Percent of People with Each Score
Percentile by Number Answered
Your Score History
You have not taken this quiz since the last reset